000 00665nam a2200241 i 4500
001 C2-0200164
003 PPAK
005 20180728100508.0
008 990203s1996 njua|||| ||||| | eng d
020 _a0024106224
040 _aPPAK
_beng
_cPPAK
_erda
082 0 4 _a621.381
_2 23
090 0 0 _a621.381
_bSIM
_dR
100 1 _aSimpson, Colin D.,
_eauthor
245 1 0 _aIndustrial elecronics
264 1 _aNew Jersey :
_bPrentice Hall ,
_c1996
300 _axiv, 689 pages :
_billustrations ;
_c24 cm
336 _2rdacontent
_atext
337 _2rdamedia
_aunmediated
338 _2rdacarrier
_avolume
650 1 0 _aIndustrial electronics
942 _ddc
_cB
999 _c156864
_d156864